00320nam a2200109Ia 4500008004100000082000800041100001500049245003000064942000600094952009500100999001500195240331s9999 xx 000 0 und d bCAR aCarey, G.K 0aRomeo and Juliet :bnotes cL 001040708LaWERCLbWERCLcSSCd2024-03-31l0o 820 CARp4023r2024-03-31w2024-03-31yL c3141d3141